US State by Famous Person born there - Statistics

General Stats
  • This quiz has been taken 19 times
  • The average score is 10 of 20
Answer Stats
Hint Answer % Correct
Ron DeSantis Florida
94%
Dolly Parton Tennessee
88%
George Washington Virginia
82%
Martin Luther King Jr. Georgia
71%
Matthew McConaughey Texas
71%
Jeff Bezos Washington
71%
Walt Disney California
59%
Orville Wright Ohio
59%
Taylor Swift Pennsylvania
47%
Hellen Keller Alabama
41%
Tim Allen Colorado
41%
Benjamín Franklin Massachusetts
41%
Franklin Pierce New Hampshire
41%
Jefferson Davis Kentucky
35%
Babe Ruth Maryland
35%
Steve Young Utah
35%
Evel Knievel Montana
24%
Carlos Boozer Alaska
18%
Charles Lindbergh Michigan
18%
Chris Pratt Minnesota
12%
No matching quizzes found
Score Distribution
Percent of People with Each Score
Percentile by Number Answered
Your Score History
You have not taken this quiz